000 00735nam a2200229Ii 4500
003 JO-AjNU
008 230605s9999||||xx |||||||||||||| ||und||
017 _a2008/2/451
020 _a978-9957-19-026-2
040 _aJO-AjNU
_bara
_erda
_cJO-AjNU
041 _aara
050 1 4 _aLB1050.S5222 2008
100 3 _aالشيخ، عارف؛ تقديم محمد ياسر,
_eauthor
_946214
245 0 0 _aالقراءة من أجل التعليم
250 _aط1
264 3 1 _aعمان: مؤسسة عبد الحميد شومان، 2008
300 _a148ص
336 _atext
_btxt
_2rdacontent
337 _aunmediated
_bn
_2rdamedia
338 _avolume
_bnc
_2rdacarrier
650 4 _aالقراءة - دراسة وتعليم
_946215
999 _aA20088
_c23656
_d23656